| 000 | 02074cam a22003737a 4500 | ||
|---|---|---|---|
| 001 | 17209688 | ||
| 005 | 20230228153246.0 | ||
| 008 | 120314s2013 maua b 001 0 eng d | ||
| 010 | _a 2012935435 | ||
| 035 | _a(OCoLC)ocn809689438 | ||
| 040 |
_aSMU _cSMU _dCUD _dMYPMP _dOCLCF _dYDXCP _dDLC |
||
| 042 | _alccopycat | ||
| 050 | 0 | 0 |
_aQA297 _b.F35 2013 |
| 082 | 0 | 4 |
_a519.4,FAI _223 |
| 100 | 1 |
_aFaires, J. Douglas. _97190 |
|
| 245 | 1 | 0 |
_aNumerical methods / _cJ. Douglas Faires, Richard Burden. |
| 250 | _a4th ed. | ||
| 260 |
_aBoston, MA : _bBrooks/Cole, Cengage Learning, _cc2013. |
||
| 300 |
_axiii, 591 p. : _bill. (some col.) ; _c26 cm. |
||
| 336 |
_atext _btxt _2rdacontent |
||
| 337 |
_aunmediated _bn _2rdamedia |
||
| 338 |
_avolume _bnc _2rdacarrier |
||
| 505 | 0 | 0 |
_gMathematical Preliminaries And Error Analysis (Page-1), Solutions Of Equations Of One Variable (Page-33), Interpolation And Polynomial Approximation (Page-63), Numerical Integration And Differentiation (Page-107), Numerical Solution Of Initial-Value Problems (Page-173), Direct Methods For Solving Linear Systems (Page-229), Iterative Methods For Solving Linear Systems (Page-229), Approximation Theory (Page-321), Approximating Eigenvalues (Page-363), Systems Nonlinear Equations (Page-413), Boundary Value Problems For Ordinary Differential Equations (Page-441), Numerical Methods For Partial Differential Equations (Page-475). _t -- |
| 650 | 0 |
_aNumerical analysis. _9103 |
|
| 650 | 7 |
_aNumerical analysis. _2fast _9103 |
|
| 700 | 1 |
_aBurden, Richard L. _97191 |
|
| 856 | 4 | 2 |
_3Contributor biographical information _uhttp://www.loc.gov/catdir/enhancements/fy1412/2012935435-b.html |
| 856 | 4 | 2 |
_3Publisher description _uhttp://www.loc.gov/catdir/enhancements/fy1412/2012935435-d.html |
| 856 | 4 | 1 |
_3Table of contents only _uhttp://www.loc.gov/catdir/enhancements/fy1412/2012935435-t.html |
| 906 |
_a7 _bcbc _ccopycat _d2 _encip _f20 _gy-gencatlg |
||
| 942 |
_2ddc _cBK |
||
| 999 |
_c593468 _d593468 |
||